LEADER 01055nam--2200361---450- 001 990002925750203316 005 20070516104040.0 035 $a000292575 035 $aUSA01000292575 035 $a(ALEPH)000292575USA01 035 $a000292575 100 $a20070516d1973----km-y0itay0103----ba 101 $afre 102 $aBE 105 $a----||||001yy 200 1 $a<> collections canoniques$fpar Gerard Fransen 210 $aTurnhout$cBrepols$d1973 215 $a55 p.$d24 cm 225 2 $aTypologie des sources du Moyen Age occidental$h10$iA-III$v1 410 0$12001$aTypologie des sources du Moyen Age occidental$h10$iA-III$v1 454 1$12001 461 1$1001-------$12001 606 0 $aCollezioni$xGestione$xMedioevo 676 $a025.2 700 1$aFRANSEN,$bGérard$0265863 801 0$aIT$bsalbc$gISBD 912 $a990002925750203316 951 $aR II b 13$b621 DLM$cR II 959 $aBK 969 $aDILAM 979 $aDILAM$b90$c20070516$lUSA01$h1040 996 $aCollections canoniques$9304787 997 $aUNISA LEADER 00912nam--2200325---450- 001 990005920640203316 005 20140114111613.0 010 $a1-905068-16-6 035 $a000592064 035 $aUSA01000592064 035 $a(ALEPH)000592064USA01 035 $a000592064 100 $a20140114d2006----km-y0itay50------ba 101 $aeng 102 $aGb 105 $a||||||||001yy 200 1 $aAfrican Union$ePan-African analytical foundations$fKofi Kissi Dompere 210 $aLondon$cAdonis & Abbey$d2006 215 $aXIV, 256 p.$d23 cm 606 0 $aUnione Africana$2BNCF 676 $a341.249 700 1$aDOMPERE,$bKofi Kissi$0618362 801 0$aIT$bsalbc$gISBD 912 $a990005920640203316 951 $aXXIII.2.D. 633$b78807 G.$cXXIII.2.D.$d00350940 959 $aBK 969 $aGIU 979 $aCHIARA$b90$c20140114$lUSA01$h1116 996 $aAfrican Union$91073707 997 $aUNISA